000 00517nam a2200181Ia 4500
008 090201s9999 xx 000 0 und d
010 _aKPL-67212
040 _bमराठी
041 _aमराठी
082 _a44173
_b67212
100 _aदि. बा. मोकाशी
245 _aपालखी
_cदि. बा. मोकाशी
250 _a1
260 _c2005
_bमौज प्रकाशन गृह
300 _a138
_bमोठा
600 _aपालखी
942 _cBOOK
999 _c241204
_d241204